Evaluación y calidad de Centros Educativos

Guardat en:
Dades bibliogràfiques
Autor principal: Casanova Rodríguez, María Antonia (Autor)
Format: Llibre
Idioma:espanyol
Publicat: Madrid La Muralla 2007
Edició:2a. ed
Col·lecció:Colección Aula Abierta
Matèries:
Etiquetes: Afegir etiqueta
Sense etiquetes, Sigues el primer a etiquetar aquest registre!

MARC

LEADER 00000cam a2200000 a 4500
001 UCE5765
003 CL-VaPUC
008 150305e20070000sp |||||||||||||||||spa|d
020 |a 9788471337412 
082 0 4 |a 371.2  |b CAS  |2 21 
100 |a Casanova Rodríguez, María Antonia  |e author  |9 337818 
245 1 0 |a Evaluación y calidad de Centros Educativos 
250 |a 2a. ed 
300 |a 276 p 
942 |c BK 
945 |d 20150305 12:52:00  |a arojas 
260 |a Madrid  |b La Muralla  |c 2007 
650 0 |a Evaluación  |9 271902 
650 0 |a Calidad  |9 320582 
650 7 |a CENTROS EDUCATIVOS  |2 CL-VaPUC  |9 533531 
650 7 |a CENTROS EDUCACIONALES  |2 CL-VaPUC  |9 578432 
583 |a last modification  |c 20150305 12:52:00  |k Rodrigo Vera 
490 0 |a Colección Aula Abierta 
999 |c 358370  |d 358368 
952 |0 0  |1 0  |3 erb  |4 0  |6 371_200000000000000_CAS_2007  |7 0  |8 A  |9 467011  |a BIBEDU  |b BIBEDU  |i 5137152  |l 2  |o 371.2 CAS 2007  |p 5137152  |r 2023-11-09  |s 2023-09-30  |w 2019-11-23  |y BK  |z Catalogado en:20150305  |k EPE 
952 |0 0  |1 0  |3 erb  |4 0  |6 371_200000000000000_CAS_2007  |7 0  |8 A  |9 467012  |a BIBEDU  |b BIBEDU  |i 5137160  |o 371.2 CAS 2007  |p 5137160  |r 2019-11-23  |w 2019-11-23  |y BK  |z Catalogado en:20150305  |k EPE